00540nam a2200157 a 450000500170000000800410001702000180005805000220007610000220009824500970012026000640021730000170028144000180029852000360031665000300035220140412111259.0010420s19uu xx 00 eng d a1-85434-383-1 aM 636.8bM67 1996 aMorley, Christine aMe and my pet: cat /cChristine Morley and Carole Orbell ; illustrations by Brita Granstrom. aLondon :bTwo Can in associationwith Franklin Watts,c1996. a32 p. ; ill. aMe and my pet aHow to be the perfect pet owner aPets - Study and teaching